| 000 | 00598nam a2200181Ia 4500 | ||
|---|---|---|---|
| 008 | 100920s9999 xx 000 0 und d | ||
| 082 |
_b84439 _a28 व ... थ 99 |
||
| 100 | _aशेळके शांता. | ||
| 245 | _aनिळा दिवा. | ||
| 260 |
_bकुलकणीॅ ग्रंथागार, पुणे 30. _c1999 |
||
| 300 |
_a63 _bसाधी |
||
| 365 | _b40 | ||
| 520 | _aबा.वि.कादंबरी. | ||
| 630 | _aनिळा दिवा. | ||
| 650 | _aबा.वि.कादंबरी. | ||
| 730 | _aनिळा दिवा. | ||
| 942 | _cBOOK | ||
| 999 |
_c724992 _d724989 |
||